00429 a2200145 4500010001400000020002200014035001300036037001500049082000800064245006300072260003600135270006900171300002300240700002000263 aENG-90055 a817879313Xc600.0 aEN-73588 bDBAD / PUB14a6131 aHealth and wellness/cedited & compiled by Sandhu Varghese aDelhibSports Publicationc2006 a7/26, Ground Floor, Ansari Raod, Darya GanjbNew Delhie110 002 a336p.c22cm. (Hb.) aVarghese Sandhu